000 01254nam a2200265Ia 4500
008 0000002006 sp ad 0000000000mul00
090 _aPSP00 B65j
100 1 _aBonet, Juan Manuel
_d1953
245 1 0 _aJorge Cardarelli
_b: in love, obras de pensamietno y estética oriental
_c/ textos Juan Manuel Bonet ; fotografías Javier Salas, Willy Monfort, Muriel
300 _a55 p.
_c/ 30 cm.
500 _aExposición realizada en Expacio 21 Gallery, septiembre octubre, 2006 \ Incluye cronología del artista \ Texto bilingue: español inglés \ Proyecto Ganador Programa Apoyos Concertados FGAA 2010
501 _aPaquebote de la pintura = The packet boat of paintings / Juan Manuel Bonet
505 _aOBRAS : Serie Paintings of oriental aesthetics and thinking
600 0 0 _aCARDARELLI, JORGE, 1971/
_xTRABAJOS PICTORICOS
650 1 4 _aARTE CONTEMPORANEO ESPAÑOL
650 1 4 _aARTISTAS PLASTICOS ESPAÑOLES EXPOSIONES
650 1 4 _xCATALOGOS
650 1 4 _xEXPOSICIONES
650 1 4 _aPINTORES ESPAÑOLES
650 1 4 _aPINTURA (TECNICA MIXTA)
650 1 4 _aPINTURA ACRILICA (ARTE)
650 1 4 _aPINTURA ESPAÑOLA
700 1 _aSalas, Javier \ Monfort, Willy \ Muriel
999 _c11861
_d11861
260 _aMadrid : Espacio 21 Gallery
_c2006